000 00399nam a2200145Ia 4500
008 230411s9999 xx 000 0 und d
020 _a978-81-8448-943-9
041 _aeng
082 _aAD/610.6/CLE/B06505
100 _aClement I
_9119826
245 _aInternship Textbook for General Nursing and Midwifery
260 _bB J Publisher
_aNew Delhi
300 _a394p
999 _c156907
_d156907